Obloukové svařování

Enregistré dans:
Détails bibliographiques
Auteur principal: Minařík, Václav (Auteur)
Format: Livre
Publié: Praha : Scientia,spol.s r.o, 1998
Édition:1.
Sujets:
Tags: Ajouter un tag
Pas de tags, Soyez le premier à ajouter un tag!

MARC

LEADER 00000nam a22000003a 4500
001 stu52578
005 20251107152535.5
008 000315s1998----xr----------------------d
020 |a 80-7183-119-0 
040 |a STU  |b slo 
044 |a xr 
080 |a 621.791.75 
080 |a 621.7/Ob 
100 1 |a Minařík, Václav  |4 aut 
245 1 |a Obloukové svařování 
250 |a 1. 
260 |a Praha :  |b Scientia,spol.s r.o,  |c 1998 
300 |a 229 s 
650 7 |a zváranie oblúkové  |2 stusub 
996 |b 284M061225  |c M*9942-2  |l MMKN  |s A  |a 24  |w stu52578_0001 
996 |b 284M089777  |c M*9942-3  |l MMKN  |s A  |a 24  |w stu52578_0002